000 00839nam a2200253 i 4500
001 180560
003 ES-MaACL
005 20230906221130.0
008 120613s1970 sp af |||| |bspa d
080 _a75Botticelli
100 1 _aBotticelli, Sandro.
_9150540
245 1 3 _aLa obra pictórica completa de Botticelli /
_cintroducción de Carlo Bo ; biografía y estudios críticos de Gabriel Mandel.
260 _aBarcelona :
_bNoguer,
_c[1970] (
_fRizzoli)
300 _a120 p. :
_bil. col. y n. ;
_c32 cm.
490 1 _aClásicos del arte ;
_v15
500 _aÍndices.
504 _aBibliografía: p. 82.
600 1 7 _aBotticelli, Sandro.
_9150540
700 1 _aBo, Carlo.
_929611
700 1 _aMandel, Gabriele.
_975943
830 0 _aClásicos del arte ;
_v15
_9191252
852 _aES-MaACL
_jL-31050
999 _c180560
_d180560